000 01457nam a2200361 a 4500
001 ebr10413402
003 CaPaEBR
006 m u
007 cr cn|||||||||
008 071212s2008 cau sb 001 0 eng
010 _z 2007050725
020 _z9780804758918 (cloth : alk. paper)
020 _z0804758913 (cloth : alk. paper)
040 _aCaPaEBR
_cCaPaEBR
035 _a(OCoLC)669520144
043 _aa-my---
050 1 4 _aHT147.M325
_bB39 2008eb
082 0 4 _a307.7609595
_222
100 1 _aBaxstrom, Richard.
245 1 0 _aHouses in motion
_h[electronic resource] :
_bthe experience of place and the problem of belief in urban Malaysia /
_cRichard Baxstrom.
260 _aStanford, Calif. :
_bStanford University Press,
_cc2008.
300 _aix, 283 p.
490 1 _aCultural memory in the present
504 _aIncludes bibliographical references (p. [253]-275) and index.
533 _aElectronic reproduction.
_bPalo Alto, Calif. :
_cebrary,
_d2013.
_nAvailable via World Wide Web.
_nAccess may be limited to ebrary affiliated libraries.
650 0 _aSociology, Urban
_zMalaysia.
650 0 _aUrban policy
_zMalaysia.
650 0 _aIslam and politics
_zMalaysia.
655 7 _aElectronic books.
_2local
710 2 _aebrary, Inc.
830 0 _aCultural memory in the present.
856 4 0 _uhttp://site.ebrary.com/lib/rucke/Doc?id=10413402
_zAn electronic book accessible through the World Wide Web; click to view
999 _c189919
_d189919